| 000 | 01322na a2200325 4500 | ||
|---|---|---|---|
| 001 | 24248 | ||
| 003 | MIRAKIL | ||
| 005 | 20181213155332.0 | ||
| 008 | 180831b tu 000 0 | ||
| 020 | _a9789751627216 | ||
| 040 |
_aMilas _btur _cTR-AnCHP |
||
| 041 | _atur | ||
| 082 |
_a340.09561 _bA67t 2014 |
||
| 090 | _a340.09561 A67t 2014 | ||
| 100 | _aArsal, Sadri Maksudi | ||
| 245 |
_aTürk tarihi ve hukuk _bTürk tarihinin ana hatları _bTarihi Türk devletlerinin kuruluşu ve hukuku müesseseleri, Türklerin örfleri, türe ve yasaları _cSadri Maksudi Arsal |
||
| 246 | _aTarihi Türk devletlerinin kuruluşu ve hukuku müesseseleri, Türklerin örfleri, türe ve yasaları | ||
| 246 | _aTürk tarihinin ana hatları | ||
| 260 |
_aAnkara _bTürk Tarih Kurumu _c2014 |
||
| 300 |
_aXII, 404 s. _c24 sm. |
||
| 440 |
_aAKDTYK Türk Tarih Kurumu yayınları _vIV/A-2-1.71 dizi-sayı 1 |
||
| 504 | _aKaynakça ve dizin var. | ||
| 650 |
_aHukuk _xTürkler _xTarih |
||
| 650 |
_aTürkler _xTarih _xYönetim ve politikalar |
||
| 650 |
_aTürkler _xTarih _xSosyal yaşam ve gelenekler |
||
| 650 |
_aTürkler _xTarih _xkaynaklar |
||
| 740 | _aTarihi Türk devletlerinin kuruluşu ve hukuku müesseseleri, Türklerin örfleri, türe ve yasaları | ||
| 740 | _aTürk tarihinin ana hatları | ||
| 942 |
_2ddc _cBKS |
||
| 999 |
_c10765 _d10765 |
||